Select Proceedings of the European Society of International Law (Record no. 622675)

MARC details
000 -LEADER
fixed length control field 00608nam a22002177a 4500
008 - FIXED-LENGTH DATA ELEMENTS--GENERAL INFORMATION
fixed length control field 260506b |||||||| |||| 00| 0 eng d
020 ## - INTERNATIONAL STANDARD BOOK NUMBER
ISBN 9781869460644
Paper back/Hardbound pbk
041 ## - LANGUAGE CODE
Language code of text/sound track or separate title eng
082 ## - DEWEY DECIMAL CLASSIFICATION NUMBER
Classification number 341 FAB.2
100 ## - MAIN ENTRY--AUTHOR NAME
Personal name Fabri, Helene Ruiz
245 ## - TITLE STATEMENT
Title Select Proceedings of the European Society of International Law
Statement of responsibility, etc /Helene Ruiz Fabri;
260 ## - PUBLICATION, DISTRIBUTION, ETC. (IMPRINT)
Place of publication UK
Name of publisher Hart Publishing Ltd
Year of publication 2010
300 ## - PHYSICAL DESCRIPTION
Number of Pages xii, 753p. :
Dimensions 27cm.
490 ## - SERIES STATEMENT
Volume number/sequential designation vol. 2 2008
504 ## - BIBLIOGRAPHY, ETC. NOTE
Bibliography, etc Includes bibliographical references
650 ## - SUBJECT ADDED ENTRY--TOPICAL TERM
Topical Term Law of nations
700 ## - ADDED ENTRY--PERSONAL NAME
Personal name Wolfrum, Rudiger
Personal name Gogolin, Jana
942 ## - ADDED ENTRY ELEMENTS (KOHA)
Koha item type English Books
Holdings
Withdrawn status Lost status Damaged status Not for loan Home library Current library Shelving location Date acquired Full call number Accession Number Price effective from Koha item type
        Anna Centenary Library Anna Centenary Library 4TH FLOOR, A WING 30.11.2010 341 FAB.2 380987 06.05.2026 English Books

Find us on the map